1399 1037 1960 1481 1224 1412 1319 1636 1506 1730 1923 1852 1952 1364 1166 1967 1820 1129 1175 1599 1309 1140 1763 1551 1816 1075 1537 1016 1055 1825 1529 1789 1795 1127 1529 1369 1736 1465 1285 1768 1297 1840 1771 1323 1236 1049 1939 1113 1756 1703 1966 1122 1581 1200 1604 1969 1812 1735 1665 1409 1206 1665 1296 1878 1018 1335 1652 1686 1044 1099 1855 1550 1876 1249 1343 1441 1116 1694 1885 1463 1150 1888 1256 1034 1460 1950 1201 1982 1785 1618 1889 1677 1166 1417 1941 1955 1679 1893 1415 BCNSPRNW ULIB Ver.6.0+V

เปลี่ยนเป็นภาษาไทย

Change to English
 แสดงรายละเอียดบรรณานุกรม
  กลับหน้าหลัก

Brief Record : Get Marc (ISO 2709) : E-mail record : QR code < ปิดหน้าต่าง
LEADER : 00000nam 2200000uu 4500
001    13399109097
003     ULIB
008    110322s2551||||th 000 0 tha d
020    9789744140623
050  4 HF5734.5^bม265ท 2551
100 1  มอร์แกน, นิก
245 10 ทักษะการบริหารการประชุม =^bRunning meetings /^cโดย NickMorgan ; แปลและเรียบเรียงโดย วิภาภรณ์ วงศ์ศรีสุชน
246 31 Running meetings
250    พิมพ์ครั้งที่ 1
260    กรุงเทพฯ :^bบริษัท เอ็กซเปอร์เน็ท,^c2551
300    158 หน้า :^bb ภาพประกอบ ;^c24 ซม.
440  0 คู่มือพัฒนาทักษะผู้นำ จากมหาวิทยาลัยฮาร์วาร์ด
650  7 การประชุมทางธุรกิจ
650  7 การประชุมทางธุรกิจ^xการวางแผน
700 0  วิภาภรณ์ วงศ์ศรีสุชน,^eผู้แปล
700 1  Morgan, Nick.^tRunning meetings
945    ^p150^l0^i029876
945    ^p150^l0^i029875
995    เกษร
999 ^a ใช้งานได้ทุกระบบ
รายการนี้ยังไม่มีแท็ก
คุณยังไม่ได้ล็อกอิน คุณสามารถมีกิจกรรมร่วมกับเว็บไซต์ได้ แต่ต้องล็อกอินก่อน ::
  ล็อกอิน

รายการสื่อสารสนเทศ

ลำดับที่ ประเภท เลขเรียก/บาร์โค้ด สถานที่ สถานะ
1. การศึกษาทั่วไป
การศึกษาทั่วไป
HF5734.5 ม265ท 2551 ฉ.2 
  Barcode: 029876
ห้องสมุดวิทยาเขตนครสวรรค์
►หนังสือทั่วไป:l:General Books
บนชั้น

รายการใกล้เคียง
    ผู้แต่ง [มอร์แกน, นิก]

    หัวเรื่อง [การประชุมทางธุรกิจ]

BibComment


ยังไม่เคยถูกคอมเมนท์

คอมเมนท์ทรัพยากรรายการนี้
  คอมเมนท์: ทักษะการบริหารการ..


 Copyright 2026. Bcnsprnw @Library